00297nam a22001097a 450000500170000000800410001704000090005808200120006724500750007926000250015430000080017920170720155234.0170719b xxu||||| |||| 00| 0 eng d cNUST a347.429 aReforming the jirga system:bSensitisation on fundamental human rights aPakistanbCAMPc2013 a64p